00519nam a2200181Ia 4500020001800000082002100018100002000039245003600059260004500095300001000140504003300150650002000183650002900203650002100232650003000253650002900283700002500312 a81-204-0070-4 a307.720954 MAL-; aMalgavkar, P.D. 0aImpediments to rural technology aNew DelhibOxford & IBH Publishingc1986 a155p. aIncludes index, bibliography aSocial sciences aSociology, Rural - India aRural technology aRural development - India aIndia - Rural conditions aPanandiker,V.A. Pai